000 00849nam a2200265 i 4500
003 DO-SdBNP
005 20240212131525.0
007 ta
008 230609b2022 sp ||||| |||| 00| 0 spa d
020 _a9788411281423
040 _aDO-SdBNP
_bspa
_cBNPHU
_erda
082 4 _222
100 _aGarcía Montero, Joana,
_eautora
_983525
245 1 3 _aLa dama de Vermut /
_cJoana García Montero
264 1 _aEspaña :
_bCirculo Rojo,
_c2022.
300 _a107 páginas ;
_c21 cm.
336 _2rdacontent
_atexto
_btxt
337 _2rdamedia
_asin mediación
_bn
338 _2rdacarrier
_avolumen
_bnc
500 _aIncluye datos biográficos del autor en la solapa de la contracubierta
500 _aIncluye referencias bibliográficas y notas al pie de las páginas
590 _aInventariado, 2023/BT
910 _aBtavárez
942 _2ddc
_cLBS1
999 _c53762
_d53762